000 00647nam a2200181 i 4500
001 102889
003 ES-MaACL
005 20230906183216.0
007 t|
008 950929s1887 sp |||| | spa d
100 1 _aEstasén y Cortada, Pedro.
_948023
245 1 0 _aRegionalismo económico
_b: discurso acerca los fines del Fomento de la Riqueza de Cataluña /
_cpor su presidente D. Pedro Estasén.
260 _aBarcelona :
_b[s.n.],
_c1887 (
_fEst. tip. de los Sucesores de Ramirez)
300 _a31 p. ;
_c23 cm.
651 4 _aCataluña-
_xSituación económica.
_9150813
852 _aES-MaACL
_jT-452-F-9
852 _aES-MaACL
_jT-452-F-13
999 _c102889
_d102889